000 00793nam a2200205Ia 4500
999 _c39363
_d39363
001 5952
003 GE_BSU
005 20190830121844.0
008 181216s1953||||ge |||||||||||||| ||geo||
040 _cGE_BSU
041 _ageo
080 _a821.353.1-32 ა-13
100 _aაბაშიძე, ნინო
_93439
245 _aმოთხრობები /
_cნინო აბაშიძე ; რედ. კ. ლორთქიფანიძე.
264 _aთბილისი :
_bსახელმწიფო გამომცემლობა ;
_c1953.
300 _a204 გვ. :
_bფოტო ;
_c17 სმ.
653 _aმოთხრობები
700 _aლორთქიფანიძე, კ.
_eრედაქტორი
_93817
942 _cBK
_2udc